Chanson à trous : Téléphone - Cendrillon - Statistiques

Statistiques générales
  • Ce quiz a été pris 206 fois
  • Le résultat moyen est 12 sur 15
Statistiques - réponses
Couplets Cendrillon % Correct
2 Son bel amant, le {prince} {charmant} La prend sur son cheval blanc
98%
1 Cendrillon, pour ses 20 ans Est la plus jolie des {enfants}
97%
5 Cendrillon, pour ses 30 ans Est la plus triste des {mamans}
96%
3 Elle oublie le temps Dans ce {palais} d'argent
87%
6 Le prince charmant a foutu le camp Avec {la} {belle} {au} {bois} {dormant}
87%
8 Elle commence à {boire} À traîner dans les bars
86%
4 Pour ne pas voir qu'un nouveau jour se lève Elle ferme les yeux, et dans {ses} {rêves} Elle part Jolie petite histoire
83%
9 Emmitouflée dans son cafard Maintenant elle fait le {trottoir} Elle part Jolie petite histoire
81%
14 Notre {Père}, qui êtes si vieux As-tu vraiment fait de ton mieux?
71%
12 Les lumières dansent Dans {l}'{ambulance}
70%
7 Elle a vu 100 {chevaux} {blancs} Loin d'elle emmener ses enfants
68%
10 10 ans de cette vie ont suffi À la changer en {junkie}
67%
13 Et elle tue sa {dernière} {chance} Tout ça n'a plus d'importance Elle part Fin de l'histoire
65%
11 Et dans un {sommeil} infini Cendrillon voit finir sa vie
61%
15 Car sur la terre et dans les cieux Tes {anges} n'aiment pas devenir vieux
48%
Aucun quiz correspondant
Distribution des résultats
% des personnes avec chaque résultat
Percentile par nombre de réponses
Votre historique - résultats
Vous n’avez pas pris ce quiz